00496nam a22001697a 450000500170000001000150001702000260003203500140005803700130007208200100008510000200009524500470011526000390016227000650020130000200026650000400028620190531162956.0 aENG-125441 a9788183796064c500.00 aEN-108973 bDBAD/PUB a230.1 aAiyar, V. V. S. aKamba ramayanam:cby V. V. Aiyarba study/ aChennaibPalaniappa Brothersc2013 aKonar Maligai, 25, Peters Road, Royapettah,bChennaie600014 a521p.c22cm(Hb) ainclude bibliographical references.